<?xml version="1.0" encoding="UTF-8"?>
<record
    xmlns:xsi="http://www.w3.org/2001/XMLSchema-instance"
    xsi:schemaLocation="http://www.loc.gov/MARC21/slim http://www.loc.gov/standards/marcxml/schema/MARC21slim.xsd"
    xmlns="http://www.loc.gov/MARC21/slim">

  <leader>00368    a2200109   4500</leader>
  <controlfield tag="001">ART_57691</controlfield>
  <controlfield tag="005">20260410162031.0</controlfield>
  <controlfield tag="008">260409a                                 </controlfield>
  <datafield tag="245" ind1="1" ind2="0">
    <subfield code="a">Mercado de trabajo, vulnerabilidad social y movilizaci&#xF3;n pol&#xED;tica en Buenos Aires</subfield>
  </datafield>
  <datafield tag="100" ind1="1" ind2=" ">
    <subfield code="a">Cross, Cecilia</subfield>
  </datafield>
  <datafield tag="773" ind1="0" ind2=" ">
    <subfield code="t">Ensayos de econom&#xED;a</subfield>
    <subfield code="g">- Vol. 22, N&#xBA; 41 (jun. 2012)</subfield>
    <subfield code="w">REV44097</subfield>
  </datafield>
  <datafield tag="999" ind1=" " ind2=" ">
    <subfield code="c">34034</subfield>
    <subfield code="d">34034</subfield>
  </datafield>
</record>
